000
00303nam a22001337a 4500
020
_a
1403928185
082
_a
635
_b
MAN/HO
100
_a
Manibhushan Rao K
245
_a
Textbook of Horticulture
250
_a
2
260
_a
New Delhi
_b
MacMillan India Pvt. Ltd.
_c
2005
300
_a
270p
942
_c
BBS
999
_c
13851
_d
13851